000 003530000a22001570004500
003 LK-CoMWRAF
008 230817t ||||| |||| 00| 0 eng d
040 _aLK-CoMWRAF
_dLK-CoMWRAF
_eLK-CoMWRAF
041 _aeng
082 _a750JAM
100 _aJameel,Alhaj S.H.M
245 _aNamathu Muthusam
_b
260 _b
_a
_c
300 _ap.204
942 _cBK
999 _c646
_d646